| 000 | 00458nam a2200181Ia 4500 | ||
|---|---|---|---|
| 005 | 20250508150341.0 | ||
| 008 | 008 250505s9999 xx 000 0 eng d | ||
| 037 | _aBooks to be hide in OPAC | ||
| 040 |
_aFEDL _beng _cFEDL |
||
| 041 |
_aeng _2eng |
||
| 084 | _qFEDL | ||
| 245 | 0 | _aWorld of learning 1948 | |
| 250 | _a2nd | ||
| 260 |
_aLondon, UK _bEuropa Publications Limited _c1948 |
||
| 300 | _a824p. | ||
| 942 | _cHB | ||
| 999 |
_c1323142 _d1323142 |
||